00830nam a2200205 a 450000100060000000300090000600800410001504000280005608200160008410000350010011000490013524500840018426000700026830000100033865000520034865000440040094200120044499900170045695201510047312780CO-ViMGA141112s2004 ck r 000 u spa d aCO-ViMGAbspacCO-ViMGA04a327.86 D4191 aDiaz, Callejas Apolinar918522 aDe la Academia Colombiana de Historia91852310aEl Lema respice polum y la subordinación en las relaciones con Estados Unidos aSantafé de Bogotá : bAcademia Colombiana de Historia, c1996 a128p.14aCOLOMBIA - RELACIONES CON ESTADOS UNIDOS91852414aCOLOMBIA - RELACIONES EXTERIORES914119 2ddccBK c23724d23724 00102ddc40708002aMEVIECARbMEVIECARd2015-12-04hVolumen. 1 | 11/jun/2009l0o327.86 D419 p12780r2015-12-04 00:00:00tEj. 1w2015-12-04yBK